Ч. 3; Спутники Юпитера

書誌詳細
Parent link:Спутники Юпитера: пер. с англ./ под ред. Д. Моррисона. Ч. 3.— , 1985-1986
言語:ロシア語
出版事項: 1986
主題:
フォーマット: MixedMaterials 図書
KOHA link:https://koha.lib.tpu.ru/cgi-bin/koha/opac-detail.pl?biblionumber=305476

MARC

LEADER 00000nam2a2200000 4500
001 305476
005 20231102001814.0
020 |a RU  |b 86-89224 
035 |a (RuTPU)RU\TPU\book\330747 
035 |a RU\TPU\book\288867 
090 |a 305476 
100 |a 20150928d1986 k y0rusy5003 ca 
101 1 |a rus  |c eng 
102 |a RU 
105 |a a z 001zy 
200 0 |a Ч. 3 
210 |d 1986 
215 |d 22 см  |a 342 с. 
320 |a Словарь терминов: с. 326-331. 
320 |a Предметный указатель: с. 338-341. 
461 1 |0 (RuTPU)RU\TPU\book\288867  |t Спутники Юпитера  |o пер. с англ.  |o в 3 ч.  |f под ред. Д. Моррисона  |v Ч. 3  |d 1985-1986 
606 1 |a Планеты и их спутники  |2 stltpush  |3 (RuTPU)RU\TPU\subj\49012  |9 67824 
610 1 |a Юпитер 
610 1 |a вулканические извержения 
610 1 |a динамика 
610 1 |a термодинамика 
610 1 |a Ио 
610 1 |a поверхность 
610 1 |a атмосфера 
610 1 |a магнитосфера 
610 1 |a происхождение 
610 1 |a эволюция 
610 1 |a галилеевые спутники 
675 |a 523.4  |z rus  |v 3 
801 0 |a RU  |b RuMRKP  |c 19950704  |g psbo 
801 1 |a RU  |b 63413507  |c 20140630 
801 2 |a RU  |b 63413507  |c 20150928  |g RCR 
942 |c BK